| 000 | 01047nam1a22002291i 4500 | ||
|---|---|---|---|
| 001 | rc\3238420 | ||
| 005 | 20260406151855.0 | ||
| 021 |
_aRU _bРг7112-71 |
||
| 035 | _a(NLR Aleph) 007374053 | ||
| 090 |
_a6437954 _c6437954 |
||
| 100 | _a20130115d1970 |||y0rusy50 ca | ||
| 101 | 0 | _arus | |
| 102 | _aRU | ||
| 105 | _ay c ||||| | ||
| 200 | 1 |
_aУказатель о фондах патентной литературы по состоянию на 1 января 1970 г. _eВып. 1-2 _fЛьвовский межотраслевой территор. центр науч.-техн. информации и пропаганды. УкрНИИНТИ Госплана УССР |
|
| 210 |
_aЛьвов _cБ. и. _d1970 |
||
| 215 | _d21 | ||
| 712 | 0 | 2 |
_aЛьвовский межотраслевой территориальный центр научно-технической информации и пропаганды _3RU\NLR\AUTH\889927383 _9350401 |
| 801 | 0 |
_aRU _bNLR _gpsbo |
|
| 801 | 1 |
_aRU _bELAR _2rusmarc |
|
| 852 |
_aNLR _jПт 10.23/24 |
||
| 942 | _cBOOK | ||